Score 0/81 Timer 13:00
0 Plays Today
Cat Breed % Correct
Siamese
81%
Persian
77.3%
Maine Coon
67.1%
Russian Blue
61.9%
Ragdoll
61.2%
American Shorthair
60.1%
Sphynx
56.9%
British Shorthair
56.7%
Manx
56.2%
Bengal
55.9%
Burmese
55.9%
Tabby
51.9%
Scottish Fold
51.7%
Abyssinian
51.7%
Cornish Rex
43.7%
Munchkin
43.1%
Devon Rex
42.7%
Norwegian Forest Cat
42%
Himalayan
40.3%
American Curl
40%
Turkish Van
39.8%
Egyptian Mau
39.3%
Birman
38.2%
Japanese Bobtail
37.5%
Bombay
34.7%
Savannah
34.5%
American Bobtail
34.5%
Cat Breed % Correct
Turkish Angora
34.3%
Ocicat
33%
Tonkinese
31.9%
Siberian
31.7%
Balinese Cat
31.3%
British Longhair
29%
Exotic Shorthair
28.9%
RagaMuffin
28.4%
Korat
28.1%
Havana Brown
27.7%
Angora Cat
27.6%
Somali
26.7%
American Wirehair
26.7%
Snowshoe
26.1%
Chartreux
25.8%
Javanese
25.1%
Oriental Shorthair
24%
Selkirk Rex
23.5%
Toyger
23.5%
LaPerm
23.5%
Singapura
22%
Pixie-bob
21.6%
Peterbald
19.3%
Burmilla
19.1%
Australian Mist
18.3%
German Rex
17.7%
Nebelung
15.7%
Cat Breed % Correct
Serval
15.1%
Cymric
15%
Chausie
14.8%
Bambino
14.7%
Tiffany
14.6%
Serengeti
14.5%
California Spangled
13.8%
Stray
13.7%
Napoleon
13.2%
American Ringtail
13.2%
Dwarf Cat
12.2%
Sokoke
12.1%
Highlander
11.9%
Minskin
11.9%
Teacup
11.4%
Tennessee Rex
11.2%
Don Sphynx
10.8%
Australian Tiffanie
10.5%
Persian Doll Face
10.4%
Safari
10.1%
Allerca
9.9%
Lambkin
9.4%
Ojos Azules
8.9%
Skookum
8.3%
Kurlian Bobtail
7.8%
Kinkalow
7.6%
Seychellois
7.3%
Remove Ads.
Support Sporcle.
Get the best of Sporcle when you Go Orange. This ad-free experience offers more features, more stats, and more fun while also helping to support Sporcle. Thank you for becoming a member.

You're not logged in!

Compare scores with friends on all Sporcle quizzes.
OR
Log In

Show Comments

Extras

Created Oct 4, 2009ReportNominate
Tags:Breed, cat, Cat Breeds

Top Quizzes Today


Score Distribution

Your Account Isn't Verified!

In order to create a playlist on Sporcle, you need to verify the email address you used during registration. Go to your Sporcle Settings to finish the process.

Report this User

Report this user for behavior that violates our Community Guidelines.

Details: